Countries Shakira has visited - Statistics

General Stats
  • This quiz has been taken 243 times
    70 since last reset
  • The average score is 48 of 55
Answer Stats
Continent Country % Correct
South America Brazil
100%
South America Chile
100%
South America Colombia
100%
Europe Spain
100%
North America United States of America
100%
South America Argentina
98%
Europe Germany
98%
Europe United Kingdom
98%
South America Uruguay
98%
North America Canada
96%
Europe France
96%
North America Mexico
96%
South America Paraguay
96%
South America Peru
96%
Asia/ Europe Russia
96%
Europe Sweden
96%
South America Bolivia
95%
North America Costa Rica
95%
Europe Italy
95%
Europe Denmark
93%
Africa Egypt
93%
Europe Norway
93%
North America Panama
93%
Europe Portugal
93%
South America Venezuela
93%
Europe Belgium
91%
Europe Finland
91%
Asia India
91%
Asia/ Europe Turkey
91%
South America Ecuador
89%
Europe Greece
89%
Europe Ireland
89%
North America Guatemala
88%
Europe Poland
88%
Europe the Netherlands
86%
Europe Austria
84%
North America Honduras
84%
Europe Hungary
84%
Africa Morocco
84%
North America Nicaragua
84%
Africa South Africa
84%
Europe Croatia
82%
North America El Salvador
82%
Europe Switzerland
82%
Europe Ukraine
80%
Europe Serbia
79%
North America Dominican Republic
77%
Europe Czech Republic
75%
Europe Belarus
73%
Europe Romania
68%
Europe Luxembourg
66%
Africa Nigeria
66%
Asia Lebanon
64%
Asia United Arab Emirates
64%
Asia Singapore
59%
No matching quizzes found
Score Distribution
Percent of People with Each Score
Percentile by Number Answered
Your Score History
You have not taken this quiz since the last reset